| 000 | 01033nam a2200277Ia 4500 | ||
|---|---|---|---|
| 003 | OSt | ||
| 005 | 20221005104243.0 | ||
| 006 | a|||||r|||| 00| 0 | ||
| 007 | ta | ||
| 008 | 221004b |||||||| |||| 00| 0 hin d | ||
| 020 |
_a812301024X (pbk) _cINR 93.00 |
||
| 024 | _a42560 | ||
| 037 |
_b322, 11/03/2019, Eastern Book Linkers _cTextual |
||
| 040 |
_aCRL _cCRL _bhin |
||
| 041 |
_2hin _ahin |
||
| 082 | _aP152, N4 | ||
| 100 | _aअग्रवाल, विजय, ले. | ||
| 245 | 0 | _aअपनी हिन्दी सुधारें | |
| 246 | _aApanī hindī sudhārean | ||
| 250 | _aसंस्करण 5 | ||
| 260 |
_aदिल्ली _bप्रकाशन विभाग सूचना और प्रसारण मंत्रालय भारत _c2008 |
||
| 300 |
_a219पृ0 _ccm. |
||
| 650 | _aहिन्दी भाषा | ||
| 942 |
_hP152, N4 _cTEXL _2cc |
||
| 999 |
_c1012160 _d1012160 |
||